书目信息 |
| 题名: |
食品安全性与分析检测
|
|
| 作者: | 许牡丹 , 毛跟年 编著 | |
| 分册: | ||
| 出版信息: | 北京 化学工业出版社 2003.06 |
|
| 页数: | 314页 | |
| 开本: | 26cm | |
| 丛书名: | ||
| 单 册: | ||
| 中图分类: | TS207.7 | |
| 科图分类: | ||
| 主题词: | 食品工业 | |
| 电子资源: | ||
| ISBN: | 7-5025-4446-1 | |
| 000 | 00621nam0 2200205 45 | |
| 001 | 0457085796 | |
| 005 | 2004042815512521 | |
| 010 | @a7-5025-4446-1@dCNY 43.00 | |
| 100 | @a20040428d2003 km y0chiy0120 ea | |
| 101 | 0 | @achi |
| 102 | @aCN@b110000 | |
| 200 | 1 | @a食品安全性与分析检测@AShi Pin An Quan Xing Yu Fen Xi Jian Ce@f许牡丹,毛跟年编著@FXu Mu Dan,Mao Gen Nian Bian Zhu |
| 210 | @a北京@c化学工业出版社@d2003.06 | |
| 215 | @a314页@d26cm | |
| 606 | 0 | @a食品工业 |
| 690 | @aTS207.7@v3 | |
| 701 | 0 | @a许牡丹@AXu Mu Dan@4编著 |
| 701 | 0 | @a毛跟年@AMao Gen Nian@4编著 |
| 801 | 0 | @aCN@bPFT@c20040428 |
| 905 | @dTS207.7@eX880 | |
| 食品安全性与分析检测/许牡丹,毛跟年编著.-北京:化学工业出版社,2003.06 |
| 314页;26cm |
| ISBN 7-5025-4446-1:CNY 43.00 |
| ● |
| 相关链接 |
|
|
|
正题名:食品安全性与分析检测
索取号:TS207.7/X880
 
预约/预借
| 序号 | 登录号 | 条形码 | 馆藏地/架位号 | 状态 | 备注 |
| 1 | 389950 | 203899503 | 自科库501/501自科库 72排1列2层/ [索取号:TS207.7/X880] | 在馆 | |
| 2 | 389951 | 203899512 | 自科库501/501自科库 72排1列2层/ [索取号:TS207.7/X880] | 在馆 | |
| 3 | 389952 | 203899521 | 期刊室512/ [索取号:TS207.7/X880] | 在馆 |